| 000 | 00691nam a2200205 i 4500 | ||
|---|---|---|---|
| 001 | 84956 | ||
| 003 | ES-MaACL | ||
| 005 | 20230906175142.0 | ||
| 007 | t| | ||
| 008 | 041124s1934 gw ||||1| ger d | ||
| 100 | 1 |
_aJeschke, Hans. _966351 |
|
| 245 | 1 | 4 |
_aDie generation von 1898 in spanien / _cvon Hans Jeschke. |
| 260 |
_aHalle : _bMax Niemeyer, _c1934 ( _fC. Gehulze) |
||
| 300 |
_aVI, 96 p. ; _c24 cm. |
||
| 490 | 1 |
_aBeihefte zur zeitschrift für romanische philologie ; _v83 |
|
| 650 |
_aGeneración del 98 (Literatura) _913051 |
||
| 830 | 0 |
_aBeihefte zur zeitschrift für romanische philologie ; _v83 _9231686 |
|
| 852 |
_aES-MaACL _j1811-F-17 _bR.18128 |
||
| 999 |
_c84956 _d84956 |
||